Maryland Cities A-Z - Statistics

General Stats
  • This quiz has been taken 143 times
    106 since last reset
  • The average score is 8 of 21
Answer Stats
Population Municipality or CDP % Correct
B 585,708 Baltimore
96%
F 78,171 Frederick
76%
H 43,527 Hagerstown
65%
R 67,117 Rockville
62%
C 104,681 Columbia
54%
S 81,015 Silver Spring
54%
G 91,249 Germantown
53%
E 75,947 Ellicott City
41%
W 81,410 Waldorf
39%
D 67,796 Dundalk
38%
T 59,553 Towson
35%
L 30,060 Laurel
34%
P 47,018 Potomac
27%
N 50,094 North Bethesda
18%
U 13,304 Urbana
15%
J 13,425 Joppatowne
10%
O 42,947 Odenton
10%
A 51,063 Aspen Hill
9%
M 34,893 Montgomery Village
9%
I 26,824 Ilchester
4%
K 14,424 Kettering
3%
No matching quizzes found
Score Distribution
Percent of People with Each Score
Percentile by Number Answered
Your Score History
You have not taken this quiz since the last reset